|
|
|
|
| LEADER |
01629nam a2200337 a 4500 |
| 001 |
0017757 |
| 003 |
BD-DhAAL |
| 008 |
111120s2008 enk bf 001 0 eng |
| 010 |
|
|
|a 2008015894
|
| 020 |
|
|
|a 0230507670 (alk. paper)
|
| 020 |
|
|
|a 9780230507678 (alk. paper)
|
| 040 |
|
|
|a DLC
|c DLC
|d BAKER
|d C#P
|d YDXCP
|d BWK
|d BWX
|d DLC
|d BD-DhAAL
|
| 043 |
|
|
|a e-uk-en
|
| 050 |
0 |
0 |
|a PR411
|b .H43 2008
|
| 082 |
0 |
0 |
|a 820.9003
|2 22
|
| 100 |
1 |
|
|a Hebron, Malcolm.
|9 58232
|
| 245 |
1 |
0 |
|a Key concepts in Renaissance literature /
|c Malcolm Hebron.
|
| 260 |
|
|
|a Houndmills, Basingstoke, Hampshire ;
|a New York :
|b Palgrave Macmillan,
|c 2008.
|
| 300 |
|
|
|a xv, 284 p. ;
|c 22 cm
|
| 490 |
0 |
|
|a Palgrave key concepts.
|
| 504 |
|
|
|a Includes bibliographical references (pages 270-277) and index.
|
| 526 |
|
|
|a ENH
|x Sohana Manzoor
Faculty Member of BRAC University
Course No. : ENG 217 ; ENG 114
|
| 541 |
|
|
|e 00017757
|a Karim International
|
| 650 |
|
0 |
|a English literature
|y Early modern, 1500-1700
|x History and criticism
|v Handbooks, manuals, etc.
|9 58233
|
| 650 |
|
0 |
|a Renaissance
|z England
|v Handbooks, manuals, etc.
|9 58234
|
| 651 |
|
0 |
|a England
|x Civilization
|y 16th century
|v Handbooks, manuals, etc.
|9 58235
|
| 651 |
|
0 |
|a England
|x Civilization
|y 17th century
|v Handbooks, manuals, etc.
|9 58236
|
| 852 |
1 |
|
|a Ayesha Abed Library
|c General Stacks
|
| 942 |
|
|
|2 ddc
|c BK
|
| 999 |
|
|
|c 11445
|d 11445
|
| 952 |
|
|
|0 0
|1 0
|2 ddc
|4 0
|6 820_900300000000000_HEB
|7 0
|9 18603
|a BRACUL
|b BRACUL
|c GEN
|d 2011-11-21
|e Karim International
|g 1364.00
|l 1
|o 820.9003 HEB
|p 3010017757
|r 2013-09-12
|s 2013-05-15
|t 1
|w 2011-11-21
|y BK
|x Requisitioned by Sohana Manzoor for the course no. ENG 217 and ENG 114.
|